The soviet system of government

Gorde:
Xehetasun bibliografikoak
Egile nagusia: Hazard, John N (Egilea)
Formatua: Liburua
Hizkuntza:ingelesa
Argitaratua: Chicago The University of Chicago Press 1957
Saila:The Chicago Library of Comparative Politics
Gaiak:
Etiketak: Etiketa erantsi
Etiketarik gabe, Izan zaitez lehena erregistro honi etiketa jartzen!

MARC

LEADER 00000nam a2200000 a 4500
001 UCT7125
003 CL-VaPUC
008 970116e19570000US |||||||||||||||||eng|d
082 0 4 |a 320.447  |b HAZ  |2 21 
100 |a Hazard, John N  |e author  |9 430369 
245 1 4 |a The soviet system of government 
300 |a 256 p 
942 |c BK 
945 |d 19970116 00:00:00  |a paguirre 
260 |a Chicago  |b The University of Chicago Press  |c 1957 
650 0 |a Gobierno   |9 255508 
650 7 |a SISTEMAS POLITICOS  |2 CL-VaPUC  |9 377830 
650 0 |a Socialismo  |9 255260 
650 0 |a Democracia  |9 255256 
650 7 |a MARXISMO  |2 CL-VaPUC  |9 377831 
650 0 |a Totalitarismo  |9 255261 
650 0 |a Comunismo  |9 255588 
650 0 |a Estado  |9 255503 
650 0 |a Fuerzas Armadas  |9 255504 
650 0 |a Poder judicial  |9 254871 
651 0 |a Unión Soviética  |9 256769 
583 |a last modification  |c 19970116 00:00:00  |k Rodrigo Vera 
490 0 |a The Chicago Library of Comparative Politics 
999 |c 255785  |d 255783 
952 |0 0  |1 0  |4 0  |6 320_447000000000000_HAZ_1957  |7 0  |8 A  |9 278203  |a BIBDER  |b BIBDER  |d 2019-11-19  |i 1806505  |o 320.447 HAZ 1957  |p 1806505  |r 2023-01-25  |w 2019-11-19  |y BK  |k DER